Sborník Vysokej školy dopravnej v Žiline fakulta prevádzky a ekonomiky dopravy

Bibliographic Details
Format: Journal
Language:Slovak
Czech
PhysicalDescription:11 zv. 24 cm
Published: Bratislava Alfa [1962-1972]
Subjects:

MARC

LEADER 00000cas a2200000 a 4500
001 vtls009280830
003 SK-MaSNL
005 20260228161459.0
008 080401d19621972xo ar p 0 b0slo
040 |a SNK  |b slo  |c SNK  |d SVKBB  |e AACR2 
041 0 |a slo  |a cze  |b cze  |b eng  |b ger  |b rus 
044 |a xo  |c SK 
072 7 |a 656  |x Doprava  |2 konspekt 
072 7 |a 378  |x Vysoké školy  |2 konspekt 
080 |a 656  |2 2011 
080 |a 378  |2 2011 
080 |a 050  |2 2001 
080 |a (082)  |2 2011 
245 0 0 |a Sborník Vysokej školy dopravnej v Žiline  |b fakulta prevádzky a ekonomiky dopravy 
246 3 |a Zborník Vysokej školy dopravnej v Žiline 
246 3 |a Fakulta prevádzky a ekonomiky dopravy 
260 |a Bratislava  |b Alfa  |c [1962-1972] 
300 |a 11 zv.  |c 24 cm 
310 |a 1x ročne 
362 0 |a [Zv. 1 (1962)-zv. 11 (1972)] 
500 |a Zodp. red.: Jiří Hořejší 
500 |a Popísané podľa: Zv. 8 (1968) 
504 |a Bibliogr. 
546 |a Res. čes., angl., nem., rus. ; text aj v češ. 
650 0 7 |a doprava  |2 SNKPH  |9 1777 
650 0 7 |a vysoké školy  |2 SNKPH  |9 1277 
650 0 7 |a Transportation  |2 SNKPHeng  |9 267622 
650 0 7 |a Universities and colleges  |2 SNKPHeng  |9 265426 
655 7 |a zborníky  |2 SNKPH  |9 70165 
655 7 |a Papers by one author  |2 SNKPHeng  |9 155030 
700 1 |a Hořejší, Jiří  |4 lso  |9 268696 
852 |a Štátna vedecká knižnica v Banskej Bystrici 
910 |a snk 
916 |a 1963-1971 
999 |c 5499  |d 7429 
952 |0 0  |1 0  |4 0  |7 0  |a SNK  |b SNK  |d 2022-07-15  |f 1  |i snkKSP 948/66  |l 0  |o snkČSC 1163/4/1965  |p 17A0814228  |r 2026-02-21 20:02:03  |w 2026-02-21  |y PREZ  |z Zväzok 4 obsahuje práce prednesené na vedeckej konferencii Vysokej školy dopravnej v Žiline v septembri 1963 
952 |0 0  |1 0  |4 0  |7 0  |a SNK  |b SNK  |d 2022-07-15  |f 1  |i snkKSP 946/66  |l 0  |o snkČSC 1163/5/1965  |p 17A0814229  |r 2026-02-21 20:02:03  |w 2026-02-21  |y PREZ 
952 |0 0  |1 0  |4 0  |7 0  |a SNK  |b SNK  |d 2022-07-15  |f 1  |i snkKSP 1978/68  |l 0  |o snkČSC 1163/6/1967  |p 17A0814230  |r 2026-02-21 20:02:03  |w 2026-02-21  |y PREZ 
952 |0 0  |1 0  |4 0  |7 0  |a SNK  |b SNK  |d 2022-07-15  |f 1  |i snkKSP 647/68  |l 0  |o snkČSC 1163/7/1967  |p 17A0814231  |r 2026-02-21 20:02:03  |w 2026-02-21  |y PREZ 
952 |0 0  |1 0  |4 0  |7 0  |a SNK  |b SNK  |d 2022-07-15  |f 1  |i snkKSP 2345/68  |l 0  |o snkČSC 1163/8/1968  |p 17A0814232  |r 2026-02-21 20:02:03  |w 2026-02-21  |y PREZ 
952 |0 0  |1 0  |4 0  |7 0  |a SNK  |b SNK  |d 2022-07-15  |f 1  |i snkKSP 7419/71  |l 0  |o snkČSC 1163/9/1971  |p 17A0814233  |r 2026-02-21 20:02:03  |w 2026-02-21  |y PREZ 
952 |0 0  |1 0  |4 0  |7 0  |a SNK  |b SNK  |d 2022-07-15  |f 1  |i snkKSP 98/72  |l 0  |o snkČSC 1163/10/1971  |p 17A0814234  |r 2026-02-21 20:02:03  |w 2026-02-21  |y PREZ 
952 |0 0  |1 0  |4 0  |7 0  |a SNK  |b SNKPULT  |d 2022-07-07  |i snkKSP 1979/68  |l 1  |o snkČSC 1163/6/1967 D1  |p 17A1348607  |q 2025-08-12  |r 2026-02-28 18:20:42  |s 2026-02-28  |w 2026-02-21  |y PREZ 
952 |0 0  |1 0  |4 0  |7 0  |a SNK  |b SNKPULT  |d 2022-08-25  |i snkKSP 7420/71  |l 1  |o snkČSC 1163/9/1971 D1  |p 17A1348564  |q 2025-08-12  |r 2026-02-28 18:20:44  |s 2026-02-28  |w 2026-02-21  |y PREZ 
952 |0 0  |1 0  |4 0  |7 0  |a SNK  |b SNKPULT  |d 2022-08-24  |i snkKSP 949/66  |l 1  |o snkČSC 1163/4/1965 D1  |p 17A1348568  |q 2025-08-12  |r 2026-02-28 18:20:40  |s 2026-02-28  |w 2026-02-21  |y PREZ  |z Zväzok 4 obsahuje práce prednesené na vedeckej konferencii Vysokej školy dopravnej v Žiline v septembri 1963 
952 |0 0  |1 0  |4 0  |7 0  |a SNK  |b SNKPULT  |d 2022-08-24  |i snkKSP 947/66  |l 1  |o snkČSC 1163/5/1965 D1  |p 17A1348567  |q 2025-08-12  |r 2026-02-28 18:20:39  |s 2026-02-28  |w 2026-02-21  |y PREZ 
952 |0 0  |1 0  |4 0  |7 0  |a SNK  |b SNKPULT  |d 2022-08-24  |i snkKSP 648/68  |l 1  |o snkČSC 1163/7/1967 D1  |p 17A1348566  |q 2025-08-12  |r 2026-02-28 18:20:41  |s 2026-02-28  |w 2026-02-21  |y PREZ 
952 |0 0  |1 0  |3 rekatalogizácia  |4 0  |7 0  |a SNK  |b SNKPULT  |d 2008-04-01  |i snkKSP 2346/68  |l 1  |o snkČSC 1163/8/1968 D1  |p 17A0579168  |q 2025-08-12  |r 2026-02-28 18:20:47  |s 2026-02-28  |w 2026-02-21  |y PREZ 
952 |0 0  |1 0  |4 0  |7 0  |a SNK  |b SNK  |d 2008-10-28  |i snkKSP 99/72  |l 0  |o snkČSC 1163/10/1971 D1  |p 17A0603639  |r 2026-02-21 21:01:33  |w 2026-02-21  |y PREZ